Either/Or in 30: Authors Quiz Stats

 Plays Quiz Updated Nov 3, 2018

Score 0/13 Timer 00:30
72 Plays Today
Question Answer Wrong Answers
Animal Farm George Orwell
80.7%
George Eliot
2.2%
A Brief History of Time Stephen Hawking
78.6%
Stephen King
4.9%
Cold Mountain Charles Frazier
75.1%
Charles Dickens
6.5%
On the Road Jack Kerouac
74.7%
Jack London
7.7%
A Clockwork Orange Anthony Burgess
73.7%
Anthony Trollope
9.1%
Catch-22 Joseph Heller
72.5%
Joseph Conrad
10.4%
Siddhartha Hermann Hesse
70.7%
Herman Melville
11.3%
Dune Frank Herbert
68.9%
Frank McCourt
12.7%
The Witches of Eastwick John Updike
66.8%
John Steinbeck
15.7%
One Flew Over the Cuckoo’s Nest Ken Kesey
66.6%
Ken Follett
16.1%
Goodnight Moon Margaret Wise Brown
64.9%
Margaret Atwood
16.9%
The Lovely Bones Alice Sebold
59.1%
Alice Walker
23%
All Quiet on the Western Front Erich Maria Remarque
55.4%
Erich Segal
26.9%

You're not logged in!

Compare scores with friends on all Sporcle quizzes.
OR
Log In

You Might Also Like...

Show Comments

Extras

Top Quizzes Today


Score Distribution

Your Account Isn't Verified!

In order to create a playlist on Sporcle, you need to verify the email address you used during registration. Go to your Sporcle Settings to finish the process.

Report this User

Report this user for behavior that violates our Community Guidelines.

Details: